Phân tích hệ thống thông tin quản trị chi phí trong việc ra quyết định tại công ty dịch vụ Mobifone khu vực 9 : Luận văn Thạc sĩ Kinh tế. Chuyên ngành Quản trị kinh doanh

Đánh giá thực trạng hệ thống kế toán quản trị chi phí và phân tích hệ thống kế toán quản trị chi phí trong việc đáp ứng nhu cầu ra quyết định kinh doanh tại công ty dịch vụ Mobifone khu vực 9.

Gespeichert in:
Bibliographische Detailangaben
1. Verfasser: Trần, Thị Minh Thúy
Format: Buch
Sprache:Undetermined
Veröffentlicht: Cần Thơ Trường Đại học Cần Thơ 2017
Schlagworte:
Tags: Tag hinzufügen
Keine Tags, Fügen Sie den ersten Tag hinzu!
Thư viện lưu trữ: Trung tâm Học liệu Trường Đại học Cần Thơ
LEADER 01129nam a2200205Ia 4500
001 CTU_224207
008 210402s9999 xx 000 0 und d
082 |a 657.42 
082 |b Th523 
088 |a 60340102 
100 |a Trần, Thị Minh Thúy 
245 0 |a Phân tích hệ thống thông tin quản trị chi phí trong việc ra quyết định tại công ty dịch vụ Mobifone khu vực 9 : 
245 0 |b Luận văn Thạc sĩ Kinh tế. Chuyên ngành Quản trị kinh doanh 
245 0 |c Trần Thị Minh Thúy ; Võ Văn Dứt (Cán bộ hướng dẫn) 
260 |a Cần Thơ 
260 |b Trường Đại học Cần Thơ 
260 |c 2017 
520 |a Đánh giá thực trạng hệ thống kế toán quản trị chi phí và phân tích hệ thống kế toán quản trị chi phí trong việc đáp ứng nhu cầu ra quyết định kinh doanh tại công ty dịch vụ Mobifone khu vực 9. 
650 |a Kế toán chi phí,Cost accounting 
980 |a Trung tâm Học liệu Trường Đại học Cần Thơ